Destinations from Wroclaw Airport (WRO) - Winter 25' - Statistics

General Stats
  • This quiz has been taken 20 times
  • The average score is 21 of 45
Answer Stats
Hint Answer % Correct
LOT Polish Airlines Warsaw
100%
Wizzair London/Luton
93%
KLM Cityhopper Amsterdam
87%
Lufthansa/Air Dolomiti Frankfurt
87%
Ryanair London/Stansted
87%
Ryanair Paris/Beauvais
80%
Finnair Helsinki
73%
Lufthansa Munich
73%
Ryanair Oslo/Sandefjord-Torp
73%
WIzzair Bari
67%
SWISS Zurich
67%
Ryanair Barcelona/Girona
60%
Ryanair Gdansk
60%
Ryanair/Wizzair Malaga
60%
Ryanair Milano/Bergamo-Orio al Serio
60%
Ryanair Rome/Ciampino
60%
Wizzair Barcelona
53%
Ryanair Dublin
53%
Ryanair Liverpool
53%
Ryanair Manchester
53%
Ryanair Bologna
47%
Ryanair Edinburgh
47%
Ryanair Glasgow
47%
Wizzair Eindhoven
40%
Ryanair Lisbon
40%
Ryanair Shannon
40%
Ryanair Bristol
33%
Ryanair Brussels South/Charleroi
33%
Ryanair Marseille
33%
Ryanair Naples
33%
Ryanair Paphos
33%
Ryanair Porto
33%
Wizzair Larnaca
27%
Ryanair Malta
27%
LOT Polish Airlines Seoul/Incheon
27%
Ryanair Venice/Treviso
27%
Ryanair Alicante
20%
Wizzair Kutaisi
20%
Ryanair Leeds/Bradford
20%
Ryanair Pisa
20%
Ryanair Sofia
20%
Ryanair Valencia
20%
Ryanair Agadir
13%
Ryanair Bournemouth
13%
Ryanair Nottingham/East Midlands
13%
No matching quizzes found
Score Distribution
Percent of People with Each Score
Percentile by Number Answered
Your Score History
You have not taken this quiz